La competencia por la hegemonía entre representantes metropolitanos y elites locales : espacios y mecanismos de confrontación en Costa Rica a finales del la Colonia /

Gespeichert in:
Bibliographische Detailangaben
1. Verfasser: Fernández, José Antonio
Format: Unbekannt
Sprache:Spanish
Schlagworte:
Tags: Tag hinzufügen
Keine Tags, Fügen Sie den ersten Tag hinzu!

MARC

LEADER 000000000a22000000004500
001 005423
020 |a 8492186313 
041 0 |a spa 
082 0 4 |a 972.8   |b S471m 
100 1 |a Fernández, José Antonio 
245 1 3 |a La competencia por la hegemonía entre representantes metropolitanos y elites locales :   |b espacios y mecanismos de confrontación en Costa Rica a finales del la Colonia /   |c José Antonio Fernández. 
650 4 |a COSTA RICA 
650 4 |a COLONIA CLASICA 
650 4 |a HEGEMONIA  
773 0 |x 8492186313  |d Nicaragua : IHNCA-UCA  |t Memoria: política, cultura y sociedad en Centroamérica  |g (1998), páginas 73-81 
942 |c AM 
999 |c 15505  |d 15505